Geography Quiz

Random Geography or City Quiz

Isolated World Metros Quiz Stats

 Plays Quiz Updated Mar 15, 2012

Also try: World Metros (A-Z)
Challenge
Share
Tweet
Score 0/20 Timer 10:00
0 Plays Today
Population Metro area % Correct
4,475,000Sydney
81.5%
4,000,000Melbourne
62.6%
9,050,000Lima
46.2%
19,600,000Manila
43.5%
3,775,000Cape Town
41.2%
2,875,000Denver
39.2%
3,500,000Nairobi
38.3%
4,975,000Khartoum
34.2%
8,900,000Bangkok
32.5%
3,100,000Addis Ababa
28.6%
Population Metro area % Correct
2,325,000Tunis
23.2%
2,675,000Dakar
21.3%
3,225,000Dar es Salaam
20.4%
3,100,000Luanda
18.3%
2,500,000Tashkent
15%
2,175,000AsunciĆ³n
13.3%
4,725,000Yangon
10.1%
2,375,000Urumqi
9.6%
2,525,000Sapporo
6.7%
2,700,000Mashhad
2%

You're not logged in!

Compare scores with friends on all Sporcle quizzes.
OR
Log In

You Might Also Like...

Show Comments

Extras

Top Quizzes Today


Score Distribution

Your Account Isn't Verified!

In order to create a playlist on Sporcle, you need to verify the email address you used during registration. Go to your Sporcle Settings to finish the process.

Report this User

Report this user for behavior that violates our Community Guidelines.

Details: